000 00700 a2200181 4500
003 NUST
005 20230724135658.0
040 _cNust
082 _a515.15,HAY
100 _aHayat, Mazhar
_935400
245 _a Mathematics-12:
_bCalculus and Analytic Geometry /
_cMazhar Hayat
250 _a1st ed
260 _aLahore
_bPunjab Textbook board
_c2011
300 _a394 p.;
505 _aFunctions and Limits (Page-1), Differentiation (Page-41), Integrations (Page-119), Introduction to Analytic Geometry (Page-179), Linear Inequalities and Linear Programming (Page-229), Conic Sections (Page-249), Vectors (Page-325), Answers (Page-367).
650 _amathematics
942 _2ddc
_cBK
_k515.15,HAY
999 _c189940
_d189940